000 00484nam a2200133Ia 4500
008 100328s9999 xx 000 0 und d
082 _b68169
100 _aजाखोटिया गिरीश.
245 _aएका मारवाड्याची गोष्ट.
260 _bराजेंद्र.
630 _aएका मारवाड्याची गोष्ट.
730 _aएका मारवाड्याची गोष्ट.
942 _cBOOK
999 _c553908
_d553905